[Event "Saint John"]
[Site "Saint John"]
[Date "2005.11.20"]
[Round "5"]
[White "Bogle, Bill"]
[Black "Hensel, George"]
[Result "1-0"]
[WhiteElo "2152"]
[BlackElo "1651"]
[PlyCount "41"]
[EventDate "2005.11.18"]
[EventType "tourn"]
[EventRounds "5"]
[EventCountry "CAN"]
[SourceTitle "EXT 2022"]
[Source "ChessBase"]
[SourceDate "2021.10.06"]
[SourceVersion "1"]
[SourceVersionDate "2021.10.06"]
[SourceQuality "1"]

1. e4 c5 2. Nf3 d6 3. d4 cxd4 4. Nxd4 Nf6 5. Nc3 a6 6. Rg1 e5 7. Nb3 Bd7 8. g4 h6 9. Be3 Nc6 10. Be2 Rb8 11. h4 h5 12. gxh5 b5 13. Bg5 Be6 14. Nd5 Bxd5 15. exd5 Na7 16. a4 bxa4 17. Rxa4 a5 18. Qa1 Rxb3 19. cxb3 Qb6 20. Rxa5 Ne4 21. Qa4+ 1-0

[Event "Saint John"]
[Site "Saint John"]
[Date "2005.11.20"]
[Round "4"]
[White "Hensel, George"]
[Black "Doucette, Raymond"]
[Result "1-0"]
[WhiteElo "1651"]
[BlackElo "1708"]
[PlyCount "103"]
[EventDate "2005.11.18"]
[EventType "tourn"]
[EventRounds "5"]
[EventCountry "CAN"]
[SourceTitle "EXT 2022"]
[Source "ChessBase"]
[SourceDate "2021.10.06"]
[SourceVersion "1"]
[SourceVersionDate "2021.10.06"]
[SourceQuality "1"]

1. d4 e6 2. Nf3 c5 3. c3 d5 4. Bf4 Nc6 5. e3 Nf6 6. Bd3 Be7 7. Nbd2 a6 8. a4 Nh5 9. Be5 f6 10. Bg3 Nxg3 11. hxg3 f5 12. dxc5 Bxc5 13. b4 Be7 14. b5 axb5 15. Bxb5 Bd7 16. Bxc6 bxc6 17. Ne5 Bf6 18. Qh5+ g6 19. Nxg6 hxg6 20. Qxh8+ Bxh8 21. Rxh8+ Ke7 22. Rxd8 Rxd8 23. Ke2 Kd6 24. Nf3 Rb8 25. Ra2 e5 26. a5 Ra8 27. Ne1 c5 28. f3 Bb5+ 29. Kd2 Bc4 30. Ra1 Rb8 31. Kc1 Kc6 32. g4 Ra8 33. gxf5 gxf5 34. f4 e4 35. Kd2 Kb5 36. g3 Rh8 37. a6 Rh2+ 38. Kc1 Rh1 39. Kb2 Rh2+ 40. Kb1 Rh1 41. a7 Rxe1+ 42. Kb2 Re2+ 43. Ka3 Rc2 44. Rb1+ Bb3 45. Rxb3+ Kc4 46. a8Q Kd3 47. Qxd5+ Kxe3 48. c4+ Kf2 49. Qxc5+ Kg2 50. Qxf5 Rxc4 51. Qd5 Rc1 52. Qd2+ 1-0

[Event "Saint John"]
[Site "Saint John"]
[Date "2005.11.19"]
[Round "2"]
[White "MacDonald, Jonathan"]
[Black "Hensel, George"]
[Result "1-0"]
[WhiteElo "2059"]
[BlackElo "1651"]
[PlyCount "59"]
[EventDate "2005.11.18"]
[EventType "tourn"]
[EventRounds "5"]
[EventCountry "CAN"]
[SourceTitle "EXT 2022"]
[Source "ChessBase"]
[SourceDate "2021.10.06"]
[SourceVersion "1"]
[SourceVersionDate "2021.10.06"]
[SourceQuality "1"]

1. e4 c5 2. Nf3 d6 3. d4 cxd4 4. Nxd4 Nf6 5. Nc3 a6 6. Bc4 Nc6 7. Nxc6 bxc6 8. e5 Ng4 9. e6 f5 10. Qf3 Qb6 11. Qxf5 Ne5 12. Bb3 g6 13. Qe4 Bg7 14. Be3 Qc7 15. Qh4 d5 16. f4 Nc4 17. Bxc4 Bxc3+ 18. bxc3 dxc4 19. Bd4 Rf8 20. Qxh7 Bxe6 21. Qxg6+ Bf7 22. Qh6 Bd5 23. 0-0 Rg8 24. Qh5+ Kd8 25. g3 Qd7 26. Rab1 Be6 27. f5 Qd5 28. Qh7 Bf7 29. Rbd1 Kc8 30. Bf2 1-0

[Event "CAN-ch op"]
[Site "Sackville"]
[Date "2001.07.15"]
[Round "10"]
[White "Hensel, George"]
[Black "Palak, Andrzej"]
[Result "1-0"]
[WhiteElo "1709"]
[BlackElo "1357"]
[PlyCount "103"]
[EventDate "2001.07.??"]
[EventType "swiss"]
[EventRounds "10"]
[EventCountry "CAN"]
[SourceTitle "EXT 2006"]
[Source "ChessBase"]
[SourceDate "2005.11.24"]
[SourceVersion "1"]
[SourceVersionDate "2005.11.24"]
[SourceQuality "1"]

1. e4 e5 2. Nc3 Nf6 3. Nf3 d6 4. Bc4 Be7 5. h3 h6 6. d4 Nc6 7. a3 exd4 8. Nxd4 Ne5 9. Ba2 0-0 10. f4 Ng6 11. g3 c6 12. Be3 d5 13. e5 Ne4 14. Nxe4 dxe4 15. f5 Nxe5 16. f6 Bxf6 17. Qh5 Bg5 18. Bf2 g6 19. Qe2 Qe8 20. Kd1 c5 21. Nb5 Qd7+ 22. Ke1 Nf3+ 23. Kf1 b6 24. Nc3 Bb7 25. Rd1 Qf5 26. Nd5 a5 27. Nxb6 Ba6 28. c4 Rad8 29. Nd5 Rfe8 30. Kg2 Rxd5 31. Rxd5 Qxd5 32. cxd5 Bxe2 33. Bxc5 Rc8 34. b4 axb4 35. axb4 Bb5 36. h4 Bd2 37. Bb1 Bd3 38. Bxd3 Ne1+ 39. Rxe1 Bxe1 40. Bxe4 h5 41. d6 Bc3 42. d7 Rd8 43. Bc6 Bf6 44. Bd6 Kg7 45. b5 Rg8 46. b6 Bd4 47. b7 Ba7 48. Bc7 Bb8 49. d8Q Rxd8 50. Bxd8 f6 51. Bb6 Kf7 52. Be3 1-0

[Event "CAN-ch op"]
[Site "Sackville"]
[Date "2001.07.11"]
[Round "6"]
[White "Hensel, George"]
[Black "Chiasson, Marc"]
[Result "0-1"]
[WhiteElo "1709"]
[BlackElo "1250"]
[PlyCount "52"]
[EventDate "2001.07.??"]
[EventType "swiss"]
[EventRounds "10"]
[EventCountry "CAN"]
[SourceTitle "EXT 2006"]
[Source "ChessBase"]
[SourceDate "2005.11.24"]
[SourceVersion "1"]
[SourceVersionDate "2005.11.24"]
[SourceQuality "1"]

1. d4 d5 2. Nf3 Nc6 3. Bf4 Bf5 4. a3 Nf6 5. e3 e6 6. Bb5 a6 7. Bxc6+ bxc6 8. Nbd2 c5 9. c3 c4 10. Ne5 Bd6 11. Qa4+ Nd7 12. Ndf3 Qc8 13. 0-0 Rb8 14. Ra2 Rb5 15. Bg3 Nxe5 16. Bxe5 0-0 17. Bxd6 cxd6 18. Nd2 Qb7 19. e4 Bg6 20. f3 Rxb2 21. Rxb2 Qxb2 22. Nb1 dxe4 23. fxe4 Bxe4 24. Rf2 Qxb1+ 25. Rf1 Qb2 26. Rf2 Qxc3 0-1